| 000 | 00471nam a2200169Ia 4500 | ||
|---|---|---|---|
| 999 |
_c30167 _d30167 |
||
| 003 | OSt | ||
| 005 | 20201125150717.0 | ||
| 008 | 190216s9999||||xx |||||||||||||| ||und|| | ||
| 040 | _coclc | ||
| 082 |
_a920 _bLIM/A |
||
| 100 |
_aLimbale, Sharankumar _91759 |
||
| 245 | 0 |
_aAkkarmashi / _cSharankumar Limbale |
|
| 260 |
_bMathrubhumi Books, _c2017. _aKozhikode; |
||
| 300 | _a175p | ||
| 650 | _aMalayalam | ||
| 942 |
_cBK _2ddc _h920 _iLIM/A _k920 _mLIM/A |
||